Pocket PCs! : I didn’t know you could do that--

Đã lưu trong:
Bibliografiske detaljer
Hovedforfatter:  Sherman, Erik B
Format: Sách
Sprog:Undetermined
Udgivet:  Sybex  2001
Fag:
Tags: Tilføj Tag
Ingen Tags, Vær først til at tagge denne postø!
Thư viện lưu trữ: Trung tâm Thư viện - Trường Đại học Công nghiệp TP. Hồ Chí Minh
LEADER 00491nam a2200157Ia 4500
001 UIH_06571
008 231011s9999 xx 000 0 und d
082 |a  004.16 
100 |a  Sherman, Erik B 
245 0 |a  Pocket PCs! : I didn’t know you could do that-- 
245 0 |c  Sherman, Erik B 
260 |b  Sybex 
260 |c  2001 
650 |a  Máy vi tính bỏ túi;  
927 |a Sách 
980 |a Trung tâm Thư viện - Trường Đại học Công nghiệp TP. Hồ Chí Minh